Tulunadinalli koraga taniya: ondu adhyayana. (Record no. 108519)
[ view plain ]
| 000 -LEADER | |
|---|---|
| fixed length control field | 00357nam a2200133Ia 4500 |
| 008 - FIXED-LENGTH DATA ELEMENTS--GENERAL INFORMATION | |
| fixed length control field | 210210b2000 xxu||||| |||| 00| 0 eng d |
| 082 ## - DEWEY DECIMAL CLASSIFICATION NUMBER | |
| Classification number | 398.2K NAVT |
| 100 ## - MAIN ENTRY--PERSONAL NAME | |
| Personal name | NAVIN KUMAR (Marike). |
| 245 ## - TITLE STATEMENT | |
| Title | Tulunadinalli koraga taniya: ondu adhyayana. |
| 260 ## - PUBLICATION, DISTRIBUTION, ETC. | |
| Place of publication, distribution, etc. | Putturu |
| Name of publisher, distributor, etc. | Shri Mahashakti Sangha |
| Date of publication, distribution, etc. | 2000 |
| 300 ## - PHYSICAL DESCRIPTION | |
| Extent | 61 |
| 690 ## - LOCAL SUBJECT ADDED ENTRY--TOPICAL TERM (OCLC, RLIN) | |
| Topical term or geographic name as entry element | Folklore |
| 906 ## - LOCAL DATA ELEMENT F, LDF (RLIN) | |
| a | 061655 |
| Withdrawn status | Lost status | Source of classification or shelving scheme | Damaged status | Not for loan | Collection code | Home library | Current library | Date acquired | Source of acquisition | Cost, normal purchase price | Total Checkouts | Full call number | Barcode | Date last seen | Date last checked out | Price effective from | Koha item type |
|---|---|---|---|---|---|---|---|---|---|---|---|---|---|---|---|---|---|
| Dewey Decimal Classification | Kannada | St Aloysius Library | St Aloysius Library | 02/17/2021 | Athree Book Centre Balmatta, Mangalore-01 | 30.00 | 1 | 398.2K NAVT | 061655 | 05/27/2025 | 04/23/2025 | 02/17/2021 | Book |